000 00491nam a2200145Ia 4500
008 100204s9999 xx 000 0 und d
082 _b13737
100 _aसप्रे मधुवंती
245 _aसुवर्ण पिंपळ
260 _b"बांदोडकर पब्लिशिंग हाऊस, गोवा"
_c1982
300 _a128
630 _aसुवर्ण पिंपळ
730 _aसुवर्ण पिंपळ
942 _cBOOK
999 _c458169
_d458166